书目信息 |
| 题名: |
解读网络中心战
|
|
| 作者: | 王正德 主编 | |
| 分册: | ||
| 出版信息: | 北京 国防工业出版社 2004 |
|
| 页数: | 15,341页 | |
| 开本: | 20cm | |
| 丛书名: | ||
| 单 册: | ||
| 中图分类: | E869 | |
| 科图分类: | ||
| 主题词: | 计算机网络--应用--战争 , 计算机网络 , 战争 , 非常规战争 | |
| 电子资源: | ||
| ISBN: | 7-118-03393-6 | |
| 000 | 00862nam0 2200265 450 | |
| 001 | 002720137 | |
| 005 | 20061101082317.57 | |
| 010 | @a7-118-03393-6@dCNY18.00 | |
| 100 | @a20040913d2004 em y0chiy0110 ea | |
| 101 | 0 | @achi |
| 102 | @aCN@b110000 | |
| 105 | @ay z 000yy | |
| 200 | 1 | @a解读网络中心战@9jie du wang luo zhong xin zhan@f王正德主编 |
| 210 | @a北京@c国防工业出版社@d2004 | |
| 215 | @a15,341页@d20cm | |
| 330 | @a本书分为12章,系统地分析了网络中心战的形成、特征、模式、基本架构、发展战略和组成要素,解读了网络中心战对我军信息化建设的启示。 | |
| 510 | 1 | @aInterpretation of Network Centric Warfare@zeng |
| 606 | 0 | @a计算机网络@x应用@x战争 |
| 606 | 0 | @a计算机网络 |
| 606 | 0 | @a战争 |
| 606 | 0 | @a非常规战争 |
| 690 | @aE869@v4 | |
| 701 | 0 | @a王正德@9wang zheng de@c(信息工程)@4主编 |
| 801 | 0 | @aCN@bNLC@c20061101 |
| 905 | @a10447@dE869@e3 | |
| 解读网络中心战/王正德主编.-北京:国防工业出版社,2004 |
| 15,341页;20cm |
| ISBN 7-118-03393-6:CNY18.00 |
| 本书分为12章,系统地分析了网络中心战的形成、特征、模式、基本架构、发展战略和组成要素,解读了网络中心战对我军信息化建设的启示。 |
| ● |
| 相关链接 |
|
|
|
|
正题名:解读网络中心战
索取号:E869/3
 
预约/预借
| 序号 | 登录号 | 条形码 | 馆藏地/架位号 | 状态 | 备注 |
| 1 | 0386766 | 203867663 | 第一样本阅览室/ [索取号:E869/3] | 在馆 | |
| 2 | 0386767 | 203867672 | 第一借阅区/ [索取号:E869/3] | 在馆 | |
| 3 | 0386768 | 203867681 | 第一借阅区/ [索取号:E869/3] | 在馆 | |
| 4 | 0386769 | 203867690 | 第一借阅区/ [索取号:E869/3] | 在馆 | |
| 5 | 0386770 | 203867707 | 第一借阅区/ [索取号:E869/3] | 在馆 |